000 00469nam a2200181 a 4500
001 1777027203759
003 YourLibrary
005 20260424161208.0
008 260424s2005##################000#0#eng##
020 _a9780728204713
082 0 4 _a344.20645DEN.3
100 1 _aDenyer-Green, Barry,
_eauthor.
245 1 0 _aPlr 2005 :
260 _bEstate Gazette,
_c2005.
650 0 _aLandlord and tenant.
942 _cENGLISH
040 _aYourLibrary
_beng
_cYourLibrary
999 _c619879
_d619879